| 000 | 00000nam##2200000za#4500 |
| 001 | 9.570649 |
| 003 | CaOODSP |
| 005 | 20210624182338 |
| 007 | cr ||||||||||| |
| 008 | 150406|2005||||xxc|||||o f|0| 0 eng|d |
| 022 | |a1919-5087 |
| 040 | |aCaOODSP|beng |
| 043 | |an-cn--- |
| 086 | 1 |aFs70-6/2005-062E-PDF |
| 110 | 1 |aCanada. |bDepartment of Fisheries and Oceans. |bMaritimes Region. |
| 245 | 10|aRecovery potential assessment for winter skate on the eastern Scotian shelf (NAFO division 4VW) |h[electronic resource] |
| 246 | 1 |aMaritimes region - recovery potential assessment report on winter skate on the eastern Scotian Shelf |
| 260 | |aDartmouth - Nova Scotia : |bFisheries and Oceans Canada. |cMarch 2006. |
| 300 | |a12p.|bgraphs, illus., map, references, table |
| 490 | 1 |aCanadian Science Advisory Secretariat science advisory report |x1919-5087|v2005/062, Maritimes Region |
| 590 | |a11-13-Supp|b2011-08-04 |
| 775 | 08|tÉvaluation du potentiel de rétablissement de la raie tachetée de l'est du plateau néo-écossais (divisions 4VW de l'OPANO) |w(CaOODSP)9.601297 |
| 830 | #0|aScience advisory report (Canadian Science Advisory Secretariat)|x1919-5087|v2005/062, Maritimes Region|w(CaOODSP)9.506226 |
| 856 | 40|ahttp://publications.gc.ca|qPDF|s144 KB|uhttps://publications.gc.ca/collections/collection_2011/mpo-dfo/Fs70-6-2005-062-eng.pdf|y2005/062, Maritimes Region |